Normal view
MARC view
Entry Uniform Title
001 - CONTROL NUMBER
- control field: 35798
003 - CONTROL NUMBER IDENTIFIER
- control field: dpl
005 - DATE AND TIME OF LATEST TRANSACTION
- control field: 20111109161141.0
008 - FIXED-LENGTH DATA ELEMENTS
- fixed length control field: 111109|||a|||||| | ||| d
040 ## - CATALOGING SOURCE
- Original cataloging agency: dpl
- Transcribing agency: dpl
130 ## - HEADING--UNIFORM TITLE
- Uniform title: Asterix adventure ;
- Form subdivision: 27
670 ## - SOURCE DATA FOUND
- Source citation: Work cat.: (dpl)58290: Uderzo. 35794, Asterix and son /, 2001.
670 ## - SOURCE DATA FOUND
- Source citation: Work cat.: (dpl)58290: Uderzo. 35794, Asterix and son /, 2001.
